000
00277nam a2200121Ia 4500
008
190216s9999||||xx |||||||||||||| ||und||
100
_a
Katathanad Madhavi Amma
245
0
_a
Gramasreekal
260
_b
P K Brothers
_c
1984
300
_a
49p
650
_a
Kavithkal
942
_c
BK
999
_c
25537
_d
25537